000 00467nam a2200145 i 4500
001 47006
003 ES-MaACL
007 t|
008 030402s1898 sp ||||1| spa d
245 0 0 _aContestación al programa para las oposiciones al Cuerpo de Abogados del Estado /
_cpor J. G. y P.
250 _a2ª ed.
260 _aMadrid :
_b[s.n.],
_c1898 (
_fImp. del Asilo de Huérfanos del S. C. de Jesús)
300 _aV, 750 p. ;
_c24 cm.
852 _aES-MaACL
_jG-14609
999 _c47006
_d47006